Meranie účinnosti marketingovej komunikácie vybranej spoločnosti bakalárska práca

Uložené v:
Podrobná bibliografia
Hlavný autor: Varsányi, Matej
Korporativný autor: Podnikovohospodárska fakulta EU so sídlom v Košiciach. Katedra obchodného podnikania
Ďalší autori: Mihalčová, Bohuslava, 1963-
Médium: Kniha
Jazyk:Slovak
Vydavateľské údaje: Košice 2015
Tagy: Pridať tag
Žiadne tagy, Buďte prvý, kto otaguje tento záznam!

MARC

LEADER 00000nbm a2200000 4500
001 0202326
005 20161212094605.1
041 0 |a slo 
044 |a SK 
245 1 0 |a Meranie účinnosti marketingovej komunikácie vybranej spoločnosti  |b bakalárska práca  |c Matej Varsányi ; školiteľ: Bohuslava Mihalčová 
264 1 |a Košice  |c 2015 
300 |a 50 s. 
100 1 |a Varsányi, Matej 
700 1 |a Mihalčová, Bohuslava, 1963- 
710 2 |a Podnikovohospodárska fakulta EU so sídlom v Košiciach. Katedra obchodného podnikania